Normal view
MARC view
- Ornstein, Allan C
Entry Personal Name
001 - CONTROL NUMBER
- control field: 106635
003 - CONTROL NUMBER IDENTIFIER
- control field: NUST
005 - DATE AND TIME OF LATEST TRANSACTION
- control field: 20230102133154.0
008 - FIXED-LENGTH DATA ELEMENTS
- fixed length control field: 230102|| aca||aabn | a|a d
040 ## - CATALOGING SOURCE
- Original cataloging agency: NUST
- Transcribing agency: NUST
100 ## - HEADING--PERSONAL NAME
- Personal name: Ornstein, Allan C
670 ## - SOURCE DATA FOUND
- Source citation: Work cat.: (NUST)185757: Ornstein, Allan C., An introduction to the foundations of education /, c1985.
